| 000 | 00424nam a22001697a 4500 | ||
|---|---|---|---|
| 003 | SGT | ||
| 020 | _a9789352705528 | ||
| 082 |
_a617.601 _bP19M |
||
| 100 | _aMarya, C. M. | ||
| 245 | _aA Practical Manual of Public Health Dentistry | ||
| 250 | _a2nd | ||
| 260 |
_aDelhi, India _bJaypee Brothers _c2019 |
||
| 300 | _a315 | ||
| 650 | _aPublic Health Dentistry | ||
| 653 | _aPublic Health Dentistry | ||
| 942 |
_2ddc _cBK _0115 |
||
| 999 |
_c23041 _d23041 |
||